000 00408nam a2200145 a 4500
001 000045688
005 20201002052405.0
008 150427s2004 xxu 000 0 spa d
040 _aDO-SdBNP
_bspa
_cBNPHU
082 _axxxx
_bxxxx
100 1 _aContreras S., Eloy M.
_973747
245 1 0 _aLuz, sombra y resplandor /
_cEloy M. Contreras S.
260 _a[s. l. :
_bs. n.,
_cs. f. ].
300 _a87 p. ;
_c21 cm.
999 _c45177
_d45177